000 00407nam a2200157 i 4500
001 bg
100 1 _aBRAUER, Wolfram
245 0 _aTeoretyczne podstawy fizyki półprzewodników /
_cJ. Brauer, H.W. Streitwolf.
260 _aWarszawa,
_c1977.
700 1 _aSTREITWOLF, Hans Waldemar
040 _cBPK
041 _apol
080 _a537.311
942 _cKS
008 s pl f |000 0 pol
999 _c26977
_d26977
856 _uhttp://koha.tu.koszalin.pl/cgi-bin/koha/opac-detail.pl?biblionumber=26977
_yKatalog online BPK